[Event "Hillerod NSU op"]
[Site "Hillerod"]
[Date "2007.01.06"]
[Round "2"]
[White "Stockflet, Henrik"]
[Black "Paulsen, Henrik"]
[Result "0-1"]
[WhiteElo "1914"]
[BlackElo "1886"]
[PlyCount "100"]
[EventDate "2007.01.05"]
[EventType "swiss"]
[EventRounds "5"]
[EventCountry "DEN"]
[SourceTitle "EXT 2018"]
[Source "ChessBase"]
[SourceDate "2017.10.13"]
[SourceVersion "1"]
[SourceVersionDate "2017.10.13"]
[SourceQuality "1"]

1. e4 e5 2. f4 exf4 3. Nf3 g5 4. Bc4 Bg7 5. 0-0 Nh6 6. d4 0-0 7. h4 gxh4 8. Bxf4 Nc6 9. Bg5 Qe8 10. Qd2 Ng4 11. Nc3 d6 12. Nd5 Qd7 13. c3 Kh8 14. Bxh4 f6 15. Qe2 Ne7 16. Nf4 Qe8 17. Ne6 Bxe6 18. Bxe6 Nh6 19. d5 Ng6 20. Bg3 Nf7 21. Nd4 Ng5 22. Bf5 Qe7 23. Qh5 Qe8 24. Ne6 Nxe6 25. Bxe6 Ne5 26. Qh3 Qg6 27. Bf4 f5 28. Bxf5 Rxf5 29. exf5 Qf7 30. Rad1 Rg8 31. Bg5 Bf6 32. Bxf6+ Qxf6 33. Rd4 h6 34. Rh4 Kh7 35. Re1 Qxh4 36. Qxh4 Nf3+ 37. Kf2 Nxh4 38. Re7+ Kh8 39. f6 Rxg2+ 40. Kf1 Rg6 41. Rxc7 Rxf6+ 42. Ke2 Kg8 43. Rxb7 Rf7 44. Rb4 Ng6 45. Rg4 Kg7 46. b4 Rf5 47. c4 Rf4 48. Rxf4 Nxf4+ 49. Kf3 Nd3 50. a3 Ne5+ 0-1

[Event "Hillerod-ch A"]
[Site "Hillerod"]
[Date "2004.05.11"]
[Round "3"]
[White "Paulsen, Henrik"]
[Black "Sorensen, Per Settergren"]
[Result "1/2-1/2"]
[WhiteElo "1782"]
[BlackElo "1955"]
[PlyCount "75"]
[EventDate "2004.04.27"]
[EventType "tourn"]
[EventRounds "7"]
[EventCountry "DEN"]
[SourceTitle "EXT 2023"]
[Source "ChessBase"]
[SourceDate "2022.10.05"]
[SourceVersion "1"]
[SourceVersionDate "2022.10.05"]
[SourceQuality "1"]

1. e4 e6 2. d4 d5 3. Nc3 Bb4 4. e5 c5 5. a3 Ba5 6. Bb5+ Bd7 7. Bxd7+ Nxd7 8. Nf3 cxd4 9. Qxd4 Ne7 10. 0-0 0-0 11. Bg5 h6 12. Bh4 Qe8 13. Bxe7 Qxe7 14. Rfd1 a6 15. Nxd5 exd5 16. Qxd5 Nxe5 17. Nxe5 Rfe8 18. Nxf7 Qxf7 19. Qxa5 Re2 20. Qc5 Rf8 21. Rf1 Qe6 22. Rad1 Rc8 23. Qb4 Rcxc2 24. Qxb7 Rxb2 25. Qd5 Qxd5 26. Rxd5 Ra2 27. Ra5 Re6 28. g4 Rc6 29. Kg2 Rc3 30. Rxa6 Rcxa3 31. Rxa3 Rxa3 32. h4 g6 33. Re1 Ra5 34. Kf3 Kf7 35. Re3 Kf6 36. Rb3 Rc5 37. Rb6+ Kg7 38. Kg3 1/2-1/2

[Event "Hillerod-ch A"]
[Site "Hillerod"]
[Date "2004.05.04"]
[Round "2"]
[White "Steenstrup, Svend"]
[Black "Paulsen, Henrik"]
[Result "0-1"]
[WhiteElo "1997"]
[BlackElo "1782"]
[PlyCount "72"]
[EventDate "2004.04.27"]
[EventType "tourn"]
[EventRounds "7"]
[EventCountry "DEN"]
[SourceTitle "EXT 2023"]
[Source "ChessBase"]
[SourceDate "2022.10.05"]
[SourceVersion "1"]
[SourceVersionDate "2022.10.05"]
[SourceQuality "1"]

1. e4 c5 2. Nf3 d6 3. d4 cxd4 4. Nxd4 Nf6 5. Nc3 a6 6. Bc4 e6 7. Bb3 Be7 8. g4 b5 9. g5 Nfd7 10. Bxe6 Bxg5 11. Bxg5 Qxg5 12. Nd5 0-0 13. Nf3 Qh6 14. Ne7+ Kh8 15. Bd5 Ra7 16. Nf5 Qf6 17. Rg1 Ne5 18. Nxe5 Qxe5 19. f4 Qxb2 20. Nxg7 Rg8 21. Ke2 Rxg7 22. Rb1 Qf6 23. e5 Qxf4 24. Rxg7 Qxe5+ 25. Kf2 Kxg7 26. Qf3 Qxh2+ 27. Ke3 Re7+ 28. Kd3 Qh3 29. Rg1+ Kf8 30. Rg3 Qf5+ 31. Be4 Qxf3+ 32. Bxf3 Bf5+ 33. Kd4 Bxc2 34. Be4 Rc7 35. Bh1 Nd7 36. Kd5 Ke7 0-1